Normal view
MARC view
- Pimentel, Genevieve O.
Entry Personal Name
001 - CONTROL NUMBER
- control field: 63242
003 - CONTROL NUMBER IDENTIFIER
- control field: OSt
005 - DATE AND TIME OF LATEST TRANSACTION
- control field: 20241021154936.0
008 - FIXED-LENGTH DATA ELEMENTS
- fixed length control field: 241021|| aca||aabn | a|a d
040 ## - CATALOGING SOURCE
- Original cataloging agency: OSt
100 ## - HEADING--PERSONAL NAME
- Personal name: Pimentel, Genevieve O.
- Relator term: author.
